Normal view MARC view
  • Montes de Oca Sicilia, María del Pilar

Entry Nombre Personal

Number of records used in: 2

001 - NUMERO DE CONTROL

  • campo de control: 44738

003 - IDENTIFICADOR DE NUMERO DE CONTROL

  • campo de control: DLC

005 - FECHA Y HORA DE LA ÜLTIMA TRANSACCIÓN

  • campo de control: 20220607150920.0

008 - DATOS DE LONGITUD FIJA

  • campo de control de longitud fija: 091106n| azannaabn |a aaa c

010 ## - NÚMERO DE CONTROL DE LA BIBLIOTECA DEL CONGRESO

  • Número de control LC: no2009178817

035 ## - NUMERO DE CONTROL

  • Número de control: (OCoLC)oca08298070

040 ## - FUENTE DE CATALOGACIÓN

  • Agencia original de catalogación: IOrQBI
  • Lenguaje de catalogación: eng
  • Description conventions: rda
  • Agencia de transcripción: IOrQBI
  • Agencia que lo modifica: DLC
  • Agencia que lo modifica: IlMchBWI
  • Agencia que lo modifica: CoU
  • Agencia que lo modifica: MX-MxUPN

100 1# - ENCABEZAMIENTO - NOMBRE PERSONAL

  • Nombre personal: Montes de Oca Sicilia, María del Pilar

370 ## - LUGAR ASOCIADO

  • Place of birth: Ciudad de México
  • Associated country: México

372 ## - CAMPO DE ACTIVIDAD

  • Field of activity: Edición
  • Fuente del término: lcsh

372 ## - CAMPO DE ACTIVIDAD

  • Field of activity: Lingüística
  • Fuente del término: lemb

373 ## - GRUPO ASOCIADO

  • Associated group: Algarabía (Revista)

374 ## - OCUPACIÓN

  • Occupation: Editora
  • Fuente del término: lcsh

375 ## - GÉNERO

  • Gender: femenino

377 ## - LENGUA ASOCIADA

  • Language code: spa

400 1# - VEÁSE - NOMBRE DE PERSONA

  • Personal name: Oca Sicilia, María del Pilar Montes de

400 1# - VEÁSE - NOMBRE DE PERSONA

  • Personal name: Sicilia, María del Pilar Montes de Oca

400 1# - VEÁSE - NOMBRE DE PERSONA

  • Personal name: Pilar Montes de Oca Sicilia, María del

670 ## - FUENTE EN LA QUE SE LOCALIZARON DATOS

  • Cita de la fuente: El libro de todo, como en Botica. II, Ciencia y conocimiento, 2008:
  • Información localizada: reverso de la portada (directora de la colección, María del Pilar Montes de Oca Sicilia)

670 ## - FUENTE EN LA QUE SE LOCALIZARON DATOS

  • Cita de la fuente: ¡Ah, qué chida es la ch!, 2011:
  • Información localizada: portada (María del Pilar Montes de Oca Sicilia, dirección editorial, editor responsable)

670 ## - FUENTE EN LA QUE SE LOCALIZARON DATOS

  • Cita de la fuente: Para indultar con propiedad, 2016
  • Información localizada: solapa (Ciudad de México, Directora de Algarabía, es lingüista de profesión y de vocación).